00910cam a22003134a 450000100090000000300040000900500170001300800410003001000170007102000150008802000180010303500130012104000180013404200080015205000220016008200120018210000530019424500240024725000650027126000450033630000400038133600260042133700280044733800270047550000200050265000280052270000200055070000260057013893257OSt20260227094349.0050309s2008 maua 001 0 eng  a 2005045894 a0321361482 a9780321361486 a13893257 aDLCcDLCdDLC apcc00aQA39.3b.M55 200800a5102221 aMiller, Charles D.q(Charles David),d1942-1986.10aMathematical ideas. a11th ed. /bCharles D. Miller, Vern E. Heeren, John Hornsby. aBoston :bPearson Addison-Wesley,c2008. axxii, 923 p. :bcol. ill. ;c27 cm. atextbtxt2rdacontent aunmediatedbn2rdamedia avolumebnc2rdacarrier aIncludes index. 0aMathematicsvTextbooks.1 aHeeren, Vern E.1 aHornsby, John,d1949-